MyGZULibrary

Child care and education / (Record no. 146)

MARC details
000 -LEADER
fixed length control field 01422cam a2200397 i 4500
001 - CONTROL NUMBER
control field 17750195
003 - CONTROL NUMBER IDENTIFIER
control field GZU
005 - DATE AND TIME OF LATEST TRANSACTION
control field 20210309114956.0
008 - FIXED-LENGTH DATA ELEMENTS--GENERAL INFORMATION
fixed length control field 130523s2012 enka 001 0 eng
010 ## - LIBRARY OF CONGRESS CONTROL NUMBER
LC control number 2012554329
020 ## - INTERNATIONAL STANDARD BOOK NUMBER
International Standard Book Number 9781444170993 (pbk.)
020 ## - INTERNATIONAL STANDARD BOOK NUMBER
International Standard Book Number 1444170996 (pbk.)
040 ## - CATALOGING SOURCE
Original cataloging agency DLC
Language of cataloging eng
Transcribing agency DLC
Description conventions rda
Modifying agency DLC
042 ## - AUTHENTICATION CODE
Authentication code pcc
043 ## - GEOGRAPHIC AREA CODE
Geographic area code e-uk---
050 00 - LIBRARY OF CONGRESS CALL NUMBER
Classification number LB1139.3.
Item number MEG 2012
100 1# - MAIN ENTRY--PERSONAL NAME
Personal name Meggitt, Carolyn.
Relator term author
245 10 - TITLE STATEMENT
Title Child care and education /
Statement of responsibility, etc. Carolyn Meggitt, Tina Bruce and Julian Grenier
246 1# - VARYING FORM OF TITLE
Display text At head of title:
Title proper/short title CACHE level 3 diploma
250 ## - EDITION STATEMENT
Edition statement Second edition /
Remainder of edition statement Carolyn Meggitt, Tina Bruce, Julian Grenier.
260 ## - PUBLICATION, DISTRIBUTION, ETC.
Place of publication, distribution, etc. London :
Name of publisher, distributor, etc. Hodder Education, an Hachette UK Company,
Date of publication, distribution, etc. 2012.
300 ## - PHYSICAL DESCRIPTION
Extent 542 pages :
Other physical details color illustrations ;
Dimensions 28 cm
336 ## - CONTENT TYPE
Content type term text
Source rdacontent
337 ## - MEDIA TYPE
Media type term unmediated
Source rdamedia
338 ## - CARRIER TYPE
Carrier type term volume
Source rdacarrier
500 ## - GENERAL NOTE
General note Includes bibliographical references and index.
504 ## - BIBLIOGRAPHY, ETC. NOTE
Bibliography, etc. note Includes bibliographical references and index.
650 #0 - SUBJECT ADDED ENTRY--TOPICAL TERM
Topical term or geographic name entry element Early childhood education
Geographic subdivision Great Britain.
650 #0 - SUBJECT ADDED ENTRY--TOPICAL TERM
Topical term or geographic name entry element Child care
Geographic subdivision Great Britain.
650 #0 - SUBJECT ADDED ENTRY--TOPICAL TERM
Topical term or geographic name entry element Child development.
700 1# - ADDED ENTRY--PERSONAL NAME
Personal name Bruce, Tina.
700 1# - ADDED ENTRY--PERSONAL NAME
Personal name Grenier, Julian.
906 ## - LOCAL DATA ELEMENT F, LDF (RLIN)
a 7
b cbc
c origres
d 2
e ncip
f 20
g y-gencatlg
942 ## - ADDED ENTRY ELEMENTS (KOHA)
Source of classification or shelving scheme Library of Congress Classification
Koha item type Books
Edition 2nd ed.
Classification part 1139.3
Item part MEG
Call number prefix LB
Holdings
Withdrawn status Lost status Damaged status Not for loan Collection code Home library Current library Shelving location Date acquired Total Checkouts Full call number Barcode Date last seen Copy number Price effective from Koha item type Date last checked out Materials specified (bound volume or other part) Inventory number
        Non-fiction City Campus Library City Campus Library General Stacks 01/18/2016   LB1139.3 MEG 2012 024400 07/06/2020 c. 1 07/06/2020 Books      
        Non-fiction City Campus Library City Campus Library General Stacks 11/11/2020   LB1139.3MEG 024401 11/11/2020 C.2 11/11/2020 Books      
        Non-fiction City Campus Library City Campus Library Fiction 11/11/2020   LB1139.3MEG 2012 024399 11/11/2020 C.3 11/11/2020 Books      
        Non-fiction City Campus Library City Campus Library General Stacks 11/11/2020   LB1139.25 MEG 2012 029302 11/11/2020 C.4 11/11/2020 Books      
        Non-fiction City Campus Library City Campus Library General Stacks 11/11/2020   LB1139.25 MEG 2012 029303 11/11/2020 C.5 11/11/2020 Books      
        Non-fiction City Campus Library City Campus Library General Stacks 11/11/2020 1 LB1139.25 MEG 2012 029305 11/19/2022 C.6 11/11/2020 Books 11/12/2022    
        Non-fiction City Campus Library City Campus Library General Stacks 11/25/2020   LB 1139.25 BRU 2005 g20970 11/25/2020 C.7 11/25/2020 Books   lcc  
        Non-fiction Mashava Campus Library Mashava Campus Library General Stacks 05/13/2017   LB1139.25 MEG 2012 029304 05/13/2021 c.8 05/13/2021 Books     029304